Missing Word: Nicolas Cage Quiz Stats

 Plays Quiz Updated Mar 3, 2016

Challenge
Share
Tweet
Embed
Score 0/22 Timer 02:00
0 Plays Today
Movie Title Missing Word % Correct
____ in 60 SecondsGone
90.3%
World ____ CenterTrade
88.8%
____ TreasureNational
83.4%
Con ____Air
78.4%
Fast Times at ____ HighRidgemont
77.4%
The Sorcerer's ____Apprentice
74.9%
It Could ____ to YouHappen
67.5%
Matchstick ____Men
65.3%
City of ____Angels
65%
Ghost ____Rider
64.6%
Peggy Sue Got ____Married
63.7%
Movie Title Missing Word % Correct
____ Las VegasLeaving
60.6%
Raising ____Arizona
59.2%
____ OffFace
58.9%
Honeymoon in ____Vegas
57.1%
Season of the ____Witch
40%
Captain Corelli's ____Mandolin
37.7%
Lord of ____War
36.5%
____ EyesSnake
28.3%
____ DangerousBangkok
19.4%
Amos and ____Andrew
11.4%
____ GirlValley
6.9%

Today's Daily Dose

You're not logged in!

Compare scores with friends on all Sporcle quizzes.
Join for Free
OR
Log In

You Might Also Like...

Show Comments

Extras

Top Quizzes Today


Score Distribution

Your Account Isn't Verified!

In order to create a playlist on Sporcle, you need to verify the email address you used during registration. Go to your Sporcle Settings to finish the process.

Report this User

Report this user for behavior that violates our Community Guidelines.

Details: